000 00396cam a2200157ua 4500
041 _aeng
_h
082 _a623.88
_bKNI/MO
100 _aKnight, Austin M .
245 0 0 _aModern seamanship /
_cAustin M Knight.
_hTextual Documents
250 _a14 /
_b.
260 _aToronto :
_bD Van nostrand co ,
_c1966.
300 _a610 ; .
500 _a** Reference
942 _cBK
999 _c5615
_d5615